000 01027nam a2200265Ia 4500
003 OSt
005 20221005110310.0
006 a|||||r|||| 00| 0
007 ta
008 221004b |||||||| |||| 00| 0 hin d
020 _a9789381582700 (hbk (Set))
_c2500
024 _a25454
037 _b20, 17/03/2016, P. K. Books
_cTextual
040 _aCRL
_cCRL
_bhin
041 _2hin
_ahin
082 _aO152,6M65x, Q3.1-.2
100 _aगुप्ता, रूपा, संपा.
245 0 _aराधामोहन गोकुल की अप्राप्य रचनाएॅं
246 _aRādhāmohan gokul kī aprāpya rachanāeॅan
260 _aनई दिल्ली
_bस्वराज प्रकाशन भारत
_c2013
490 _vभाग 1
650 _aहिन्दी साहित्य
942 _hO152,6M65x, Q3.1-.2
_cTEXL
_2cc
999 _c1018381
_d1018381